000 00815nam a2200253Ia 4500
003 OSt
005 20220923211523.0
006 a|||||r|||| 00| 0
007 ta
008 Pun
020 _a9789380906973 (hbk)
_c175
024 _a281,601
037 _b853, 12/08/2014, H.K. Prakashan
_cTextual
040 _aARTS
_cARTS
_bPun
041 _2Pun
_aPun
082 _aO153,3:g, Q4
100 _aਸਿੰਘ, ਜੀਤ
245 0 _aਸਮਕਾਲੀ ਪਰਵਾਸੀ ਪੰਜਾਬੀ ਨਾਵਲ ਮੁਖ ਰੁਝਾਨ
260 _aਪਟਿਆਲਾ
_b ਗ੍ਰੇFਿਅਸ
_c2014
300 _a128ਪੰ
_ccm.
650 _aਪੰਜਾਬੀ ਸਾਹਿਤ
942 _hO153,3:g, Q4
_cTEXL
_2CC
999 _c300356
_d300356